[Event "V Festival Magistrale"]
[Site "Salsomaggiore Terme ITA"]
[Date "2001.05.??"]
[Round "2"]
[White "Gagliardi, Christian"]
[Black "Vezzosi, Paolo"]
[Result "1/2-1/2"]
[WhiteElo "2106"]
[BlackElo "2423"]
[PlyCount "63"]
[EventDate "2001.05.18"]

1. e4 g6 2. d4 Bg7 3. c4 c5 4. Nf3 Nc6 5. d5 Nd4 6. Nxd4 Bxd4 7. Nc3 d6 8. Bd3
a6 9. O-O h5 10. Ne2 Bg7 11. Qc2 Nh6 12. h3 Bd7 13. Rb1 b5 14. b3 O-O 15. Bb2
Bxb2 16. Rxb2 Rb8 17. Nf4 Qa5 18. Qe2 Qc3 19. Qd2 Qxd2 20. Rxd2 h4 21. Re1 g5
22. Ne2 Kg7 23. Kh2 f6 24. Ng1 g4 25. f4 Nf7 26. Ne2 b4 27. Nc1 Rg8 28. Bf1 Kf8
29. Re3 a5 30. Nd3 a4 31. hxg4 Bxg4 32. Be2 1/2-1/2

[Event "V Festival Magistrale"]
[Site "Salsomaggiore Terme ITA"]
[Date "2001.05.??"]
[Round "2"]
[White "Iotti, Pierluigi"]
[Black "Nelli, Luca"]
[Result "1-0"]
[WhiteElo "2318"]
[BlackElo "2184"]
[PlyCount "128"]
[EventDate "2001.05.18"]

1. d4 Nf6 2. Nf3 c5 3. c3 b6 4. g3 Bb7 5. Bg2 g6 6. O-O Bg7 7. b3 O-O 8. Bb2
cxd4 9. cxd4 d6 10. Nc3 Ne4 11. Rc1 Nd7 12. Qd3 Nxc3 13. Rxc3 Rc8 14. Rfc1 Rxc3
15. Qxc3 Qc8 16. Qc7 Rd8 17. Bh3 e6 18. Qxd6 Qa8 19. Qf4 Bxf3 20. exf3 Nf6 21.
Rc7 Rc8 22. Bf1 Qb8 23. Rxc8+ Qxc8 24. Bc4 h6 25. Kg2 Nd5 26. Bxd5 exd5 27. Qd2
Qc6 28. g4 Qc8 29. h3 Qa6 30. a4 Qc8 31. Qd3 Bf8 32. Bc3 Qc7 33. Bd2 Bg7 34.
Be3 Qc6 35. f4 Qe6 36. f5 gxf5 37. gxf5 Qf6 38. b4 Qc6 39. b5 Qf6 40. Qc2 Qh4
41. Qc8+ Bf8 42. Qd7 Qe4+ 43. Kh2 Bg7 44. Qd8+ Kh7 45. f6 Bh8 46. Qe7 Qg6 47.
Qxa7 Qxf6 48. Qd7 Qf3 49. Qd6 Bf6 50. Qf4 Qxf4+ 51. Bxf4 Bxd4 52. Be3 Be5+ 53.
Kg2 Bc7 54. Kf3 Kg6 55. a5 bxa5 56. b6 Bd6 57. Bf4 Bc5 58. b7 Ba7 59. b8=Q Bxb8
60. Bxb8 Kf5 61. Ke3 a4 62. Bd6 Ke6 63. Ba3 Ke5 64. Bb2+ Kf5 1-0

[Event "V Festival Magistrale"]
[Site "Salsomaggiore Terme ITA"]
[Date "2001.05.??"]
[Round "2"]
[White "Ortega, Lexy"]
[Black "Malfagia, Andrea"]
[Result "1-0"]
[WhiteElo "2487"]
[BlackElo "2243"]
[PlyCount "81"]
[EventDate "2001.05.18"]

1. d4 e6 2. Nf3 c5 3. e3 Nf6 4. c4 a6 5. Nc3 Qc7 6. Bd3 Be7 7. O-O O-O 8. d5
exd5 9. cxd5 d6 10. h3 b5 11. e4 Nbd7 12. Bc2 Re8 13. Re1 Bb7 14. Bf4 Bf8 15.
Rc1 g6 16. Qd2 Nb6 17. b3 Nfd7 18. Bb1 b4 19. Nd1 a5 20. Bh6 Ne5 21. Nh2 Bxh6
22. Qxh6 Qe7 23. Ne3 Ba6 24. f4 Ned7 25. Nhg4 Qf8 26. Qh4 h5 27. Nf2 Qe7 28.
Qg3 Qf6 29. e5 dxe5 30. f5 e4 31. Nxe4 Qe5 32. fxg6 f5 33. Qf3 f4 34. Nc4 Bxc4
35. bxc4 Re7 36. Kh2 Rf8 37. Nxc5 Qxe1 38. Rxe1 Rxe1 39. Ne6 Nxd5 40. Qxh5 N5f6
41. Qh8+ 1-0

[Event "V Festival Magistrale"]
[Site "Salsomaggiore Terme ITA"]
[Date "2001.05.??"]
[Round "2"]
[White "Raineri, Valerio"]
[Black "Tencati, Giuseppe"]
[Result "1-0"]
[WhiteElo "2098"]
[BlackElo "2071"]
[PlyCount "36"]
[EventDate "2001.05.18"]

1. e4 e6 2. d3 d5 3. Qe2 Be7 4. f4 Nf6 5. Nf3 c5 6. g3 Nc6 7. c3 b6 8. Bh3 Qc7
9. Nbd2 a5 10. O-O Ba6 11. e5 Nd7 12. Re1 b5 13. f5 Nd8 14. Nf1 h6 15. Bf4 Qb6
16. Ne3 Bb7 17. Bg2 exf5 18. Nxf5 Ne6 1-0

[Event "V Festival Magistrale"]
[Site "Salsomaggiore Terme ITA"]
[Date "2001.05.??"]
[Round "2"]
[White "Salami, Marco"]
[Black "Tommasini, Enzo"]
[Result "0-1"]
[WhiteElo "2207"]
[BlackElo "2082"]
[PlyCount "53"]
[EventDate "2001.05.18"]

1. e4 e6 2. d3 d5 3. Nd2 Nf6 4. g3 c5 5. Bg2 Nc6 6. Ngf3 Be7 7. O-O O-O 8. Re1
b5 9. e5 Nd7 10. Nf1 a5 11. h4 a4 12. a3 b4 13. N1h2 Qc7 14. Bf4 Nd4 15. h5 Bb7
16. Nxd4 cxd4 17. Qg4 Rfc8 18. Nf3 Qxc2 19. Nxd4 Qxb2 20. Nxe6 g6 21. Ng5 Nf8
22. Qf3 f5 23. g4 fxg4 24. Qxg4 Ra6 25. Bxd5+ Bxd5 26. Qxc8 Rc6 27. Qxf8+ 0-1

[Event "V Festival Magistrale"]
[Site "Salsomaggiore Terme ITA"]
[Date "2001.05.??"]
[Round "2"]
[White "Sciortino, Massimo"]
[Black "Peric, Slavisa"]
[Result "1-0"]
[WhiteElo "2155"]
[BlackElo "2288"]
[PlyCount "53"]
[EventDate "2001.05.18"]

1. e4 e6 2. d3 d5 3. Nd2 Nf6 4. g3 b6 5. Bg2 Bb7 6. Ngf3 h6 7. e5 Nfd7 8. O-O
c5 9. Re1 Nc6 10. h4 Qc7 11. Qe2 b5 12. Nf1 a5 13. Bf4 b4 14. a3 a4 15. N1h2
Nb6 16. Ng4 Ba6 17. Qd2 c4 18. h5 Bb5 19. Rec1 Nd7 20. dxc4 Bxc4 21. axb4 Bxb4
22. c3 Be7 23. Ne3 Nb6 24. Nc2 Bc5 25. Re1 Bb3 26. Ncd4 Nxd4 27. Nxd4 1-0

[Event "V Festival Magistrale"]
[Site "Salsomaggiore Terme ITA"]
[Date "2001.05.??"]
[Round "2"]
[White "Tomasi, Diego"]
[Black "Facchetti, Gianni"]
[Result "1/2-1/2"]
[WhiteElo "2042"]
[BlackElo "2157"]
[PlyCount "50"]
[EventDate "2001.05.18"]

1. e4 e5 2. Nf3 Nc6 3. Bb5 Bc5 4. Bxc6 bxc6 5. d3 d6 6. Bg5 Ne7 7. O-O O-O 8.
Nbd2 f6 9. Bh4 Qe8 10. Nb3 Bb6 11. Nfd2 Ng6 12. Bg3 f5 13. exf5 Rxf5 14. Nc4
Be6 15. Nxb6 axb6 16. d4 h5 17. h3 h4 18. Bh2 Qf7 19. f3 Rf8 20. dxe5 dxe5 21.
Re1 Bd5 22. Nd2 b5 23. b3 b4 24. a4 bxa3 25. Rxa3 Qe7 1/2-1/2

[Event "V Festival Magistrale"]
[Site "Salsomaggiore Terme ITA"]
[Date "2001.05.??"]
[Round "3"]
[White "Bertagnolli, Alexander"]
[Black "Sciortino, Massimo"]
[Result "1-0"]
[WhiteElo "2274"]
[BlackElo "2155"]
[PlyCount "69"]
[EventDate "2001.05.18"]

1. e4 c5 2. d4 cxd4 3. c3 dxc3 4. Nxc3 a6 5. Bc4 e6 6. Nf3 b5 7. Bb3 Bb7 8. Qe2
d6 9. O-O Nd7 10. Rd1 Be7 11. Bf4 Qb8 12. e5 d5 13. Bg3 Nb6 14. a4 b4 15. a5
bxc3 16. axb6 cxb2 17. Ba4+ Kf8 18. Qxb2 g6 19. Rac1 Bd8 20. Bh4 Bxh4 21. Nxh4
Qd8 22. Nf3 Kg7 23. Rc7 Rb8 24. Nd4 Bc8 25. Rdc1 Ne7 26. b7 Rf8 27. bxc8=Q Qxc8
28. Qa3 Qxc7 29. Rxc7 Rb1+ 30. Rc1 Rfb8 31. f4 Nc8 32. Rxb1 Rxb1+ 33. Kf2 Nb6
34. Qe7 Kg8 35. Be8 1-0

[Event "V Festival Magistrale"]
[Site "Salsomaggiore Terme ITA"]
[Date "2001.05.??"]
[Round "3"]
[White "Falbo, Sandro"]
[Black "Mukic, Josko"]
[Result "0-1"]
[WhiteElo "2166"]
[BlackElo "2268"]
[PlyCount "92"]
[EventDate "2001.05.18"]

1. Nf3 Nf6 2. g3 g6 3. Bg2 Bg7 4. O-O O-O 5. c4 d6 6. Nc3 e5 7. d3 Nc6 8. Rb1
Nh5 9. b4 f5 10. Nd5 f4 11. b5 Ne7 12. Qb3 Kh8 13. Bd2 Bg4 14. Ba5 b6 15. Bc3
Nf5 16. a4 Qd7 17. a5 Rae8 18. Ra1 Nd4 19. Qb2 Nxf3+ 20. exf3 Be6 21. axb6 Bxd5
22. cxd5 axb6 23. d4 e4 24. fxe4 f3 25. Bh1 Rxe4 26. Rfe1 Qf5 27. Rxe4 Qxe4 28.
Qb3 Nf6 29. Re1 Qxd5 30. Qb1 Qc4 31. Ba1 Nd5 32. Qe4 Nc3 33. Bxc3 Qxc3 34. Re3
Qa1+ 35. Re1 Qb2 36. Bxf3 Qxb5 37. h4 d5 38. Qg4 Qd3 39. Bxd5 Bxd4 40. Rf1 c5
41. Be4 Qd2 42. Bf3 c4 43. h5 c3 44. hxg6 c2 45. Qh4 h6 46. Qe7 Bg7 0-1

[Event "V Festival Magistrale"]
[Site "Salsomaggiore Terme ITA"]
[Date "2001.05.??"]
[Round "3"]
[White "Georgiev, Vladimir"]
[Black "Naumkin, Igor"]
[Result "1/2-1/2"]
[WhiteElo "2592"]
[BlackElo "2446"]
[PlyCount "37"]
[EventDate "2001.05.18"]

1. c4 Nf6 2. Nc3 e5 3. g3 Bb4 4. Bg2 O-O 5. e4 Bxc3 6. dxc3 d6 7. Qe2 Nbd7 8.
Nh3 a6 9. f3 b5 10. Be3 bxc4 11. Qxc4 a5 12. Qa4 Ba6 13. Nf2 Qb8 14. Qc2 a4 15.
Bf1 Bxf1 16. Kxf1 Qb5+ 17. c4 Qb4 18. Ke2 Nc5 19. Rab1 1/2-1/2

[Event "V Festival Magistrale"]
[Site "Salsomaggiore Terme ITA"]
[Date "2001.05.??"]
[Round "3"]
[White "Giretti Kanev, Jasen"]
[Black "Raineri, Valerio"]
[Result "1/2-1/2"]
[WhiteElo "2190"]
[BlackElo "2098"]
[PlyCount "42"]
[EventDate "2001.05.18"]

1. Nf3 g6 2. g3 Bg7 3. Bg2 d6 4. O-O e5 5. d4 e4 6. Ng5 f5 7. d5 Nf6 8. f3 h6
9. Nh3 O-O 10. Nc3 Qe7 11. a4 a5 12. Nb5 Na6 13. Ra3 Bd7 14. Nf4 Kh7 15. Be3 g5
16. Nh3 Nh5 17. Nd4 exf3 18. exf3 Rad8 19. Rc3 Bxd4 20. Bxd4 Nc5 21. Nf2 Qe2
1/2-1/2

[Event "V Festival Magistrale"]
[Site "Salsomaggiore Terme ITA"]
[Date "2001.05.??"]
[Round "3"]
[White "Iotti, Pierluigi"]
[Black "Ortega, Lexy"]
[Result "0-1"]
[WhiteElo "2318"]
[BlackElo "2487"]
[PlyCount "60"]
[EventDate "2001.05.18"]

1. d4 d5 2. c4 c6 3. Nc3 dxc4 4. a4 e5 5. dxe5 Qxd1+ 6. Kxd1 Na6 7. Nf3 Be6 8.
Bf4 O-O-O+ 9. Nd2 Ne7 10. Nce4 Nd5 11. Bg3 Nc5 12. Nd6+ Bxd6 13. exd6 c3 14.
bxc3 Nxc3+ 15. Kc2 N3e4 16. Nxe4 Nxe4 17. Rd1 Rd7 18. f3 Nxg3 19. hxg3 h6 20.
e4 f6 21. f4 Re8 22. Be2 Bf5 23. exf5 Rxe2+ 24. Kb3 b6 25. Rd3 Kb7 26. Rh4 c5
27. Rg4 Kc6 28. Rg6 a6 29. g4 b5 30. axb5+ axb5 0-1

[Event "V Festival Magistrale"]
[Site "Salsomaggiore Terme ITA"]
[Date "2001.05.??"]
[Round "3"]
[White "Malfagia, Andrea"]
[Black "Gagliardi, Christian"]
[Result "1-0"]
[WhiteElo "2243"]
[BlackElo "2106"]
[PlyCount "69"]
[EventDate "2001.05.18"]

1. e4 d6 2. d4 g6 3. Nf3 Bg7 4. c3 Nf6 5. Bd3 Nbd7 6. O-O e5 7. Re1 O-O 8. Bg5
h6 9. Bh4 c6 10. Nbd2 Re8 11. a4 g5 12. Bg3 Nh5 13. Nf1 Nxg3 14. Nxg3 Nf8 15.
dxe5 dxe5 16. Bc4 Be6 17. Qb3 Qb6 18. Bxe6 fxe6 19. Qc4 Kh7 20. h4 Bf6 21. hxg5
hxg5 22. Nh5 Kg6 23. Nxf6 Kxf6 24. Nh2 Ng6 25. Qe2 Rh8 26. Rad1 Rad8 27. Rxd8
Qxd8 28. Ng4+ Kg7 29. Rd1 Qe7 30. Qd2 Rf8 31. g3 Rf7 32. Kg2 Rf8 33. a5 a6 34.
Rh1 Qf7 35. Qe3 1-0

[Event "V Festival Magistrale"]
[Site "Salsomaggiore Terme ITA"]
[Date "2001.05.??"]
[Round "3"]
[White "Mrdja, Milan"]
[Black "Anceschi, Vittorio"]
[Result "1-0"]
[WhiteElo "2450"]
[BlackElo "2285"]
[PlyCount "79"]
[EventDate "2001.05.18"]

1. e4 g6 2. d4 Bg7 3. Nc3 c6 4. Bc4 d6 5. Bb3 Nf6 6. f4 d5 7. e5 Ng8 8. Nf3 Bg4
9. h3 Bxf3 10. Qxf3 e6 11. Be3 Ne7 12. g4 b5 13. Ne2 a5 14. c3 Na6 15. Bc2 Qd7
16. Ng3 f5 17. exf6 Bxf6 18. h4 Rf8 19. Qe2 Qd6 20. Bd3 Nc7 21. Kf2 e5 22. f5
gxf5 23. dxe5 Qxe5 24. Nxf5 Kd7 25. Qf3 Ne6 26. Bh6 Rf7 27. Rae1 Qc7 28. Rxe6
Kxe6 29. Re1+ Kd7 30. Bf4 Qb6+ 31. Kf1 Ng6 32. Nh6 Rff8 33. Bf5+ Kd8 34. Bd6
Be7 35. Bg3 Ra7 36. h5 Nh4 37. Qe2 b4 38. Qe5 Qa6+ 39. Re2 Nxf5 40. Nxf5 1-0

[Event "V Festival Magistrale"]
[Site "Salsomaggiore Terme ITA"]
[Date "2001.05.??"]
[Round "3"]
[White "Nelli, Luca"]
[Black "Di Lazzaro, Gabriele"]
[Result "1-0"]
[WhiteElo "2184"]
[BlackElo "1975"]
[PlyCount "94"]
[EventDate "2001.05.18"]

1. c4 e5 2. Nc3 Bb4 3. g3 Bxc3 4. dxc3 d6 5. Bg2 Ne7 6. Nf3 O-O 7. O-O Nbc6 8.
b3 f6 9. Ne1 Be6 10. Nc2 Qd7 11. Re1 Rad8 12. e4 f5 13. exf5 Nxf5 14. Ne3 Nxe3
15. Bxe3 b6 16. Qd2 Ne7 17. f4 Ng6 18. fxe5 Nxe5 19. Bf4 Nf7 20. Bd5 Rde8 21.
Bxe6 Rxe6 22. Rxe6 Qxe6 23. Re1 Qd7 24. Qe3 h6 25. Qe7 Qxe7 26. Rxe7 Rc8 27.
Re4 g5 28. Be3 Ne5 29. c5 Re8 30. cxd6 cxd6 31. Kg2 Kf7 32. Bd4 Re6 33. Bxe5
dxe5 34. Ra4 Re7 35. Kf3 h5 36. Ke4 Ke6 37. Rc4 Kd6 38. Rc8 Rh7 39. Rg8 g4 40.
Rg6+ Kc5 41. Rg5 Kd6 42. Rxe5 a5 43. c4 Rh6 44. Kf4 Rf6+ 45. Rf5 Re6 46. Rxh5
Re2 47. Kxg4 Rxa2 1-0

[Event "V Festival Magistrale"]
[Site "Salsomaggiore Terme ITA"]
[Date "2001.05.??"]
[Round "3"]
[White "Tencati, Giuseppe"]
[Black "Scharrer, Patrick"]
[Result "1-0"]
[WhiteElo "2071"]
[BlackElo "2079"]
[PlyCount "77"]
[EventDate "2001.05.18"]

1. d4 Nf6 2. c4 g6 3. Nf3 Bg7 4. Nc3 O-O 5. e4 d6 6. Be2 e5 7. d5 Nbd7 8. Bg5
a5 9. Nd2 h6 10. Be3 Nc5 11. b3 Ne8 12. f3 f5 13. a3 Nd7 14. Rb1 f4 15. Bf2 g5
16. b4 axb4 17. axb4 Ndf6 18. c5 h5 19. Nc4 Nd7 20. Nb5 Rf6 21. cxd6 cxd6 22.
Ra1 Rxa1 23. Qxa1 Bf8 24. Kd2 Nb8 25. Qa8 Bd7 26. Qxb7 Rf7 27. Qb6 Qxb6 28.
Nxb6 Bxb5 29. Bxb5 Nc7 30. Bd3 Nd7 31. Nxd7 Rxd7 32. Ra1 Ne8 33. Ra7 Nf6 34. b5
Be7 35. b6 Bd8 36. Bb5 Rf7 37. Rxf7 Kxf7 38. b7 Bc7 39. Ba7 1-0

[Event "V Festival Magistrale"]
[Site "Salsomaggiore Terme ITA"]
[Date "2001.05.??"]
[Round "3"]
[White "Vezzosi, Paolo"]
[Black "Scalcione, Michelangelo"]
[Result "1-0"]
[WhiteElo "2423"]
[BlackElo "2177"]
[PlyCount "63"]
[EventDate "2001.05.18"]

1. c4 Nf6 2. g3 g6 3. Bg2 Bg7 4. Nc3 O-O 5. Nf3 d6 6. O-O e5 7. d3 Nc6 8. Rb1
h6 9. b4 Be6 10. b5 Ne7 11. Nd2 Qc8 12. e4 Bh3 13. Bb2 Bxg2 14. Kxg2 Nd7 15.
Nb3 a6 16. Qc2 axb5 17. cxb5 b6 18. a4 Nc5 19. Nd2 Qe6 20. Ba3 Rfd8 21. Rfd1
Bf8 22. Bxc5 dxc5 23. Nc4 Rd4 24. Ra1 f6 25. a5 bxa5 26. Rxa5 Rxa5 27. Nxa5 Rb4
28. Nc4 c6 29. b6 Nc8 30. Rb1 Qf7 31. Na4 Qb7 32. Na5 1-0

[Event "V Festival Magistrale"]
[Site "Salsomaggiore Terme ITA"]
[Date "2001.05.??"]
[Round "4"]
[White "Anceschi, Vittorio"]
[Black "Malfagia, Andrea"]
[Result "1/2-1/2"]
[WhiteElo "2285"]
[BlackElo "2243"]
[PlyCount "62"]
[EventDate "2001.05.18"]

1. e4 d5 2. exd5 Qxd5 3. Nc3 Qa5 4. d4 Nf6 5. Nf3 c6 6. Be2 Bf5 7. O-O Nbd7 8.
Bf4 e6 9. a3 Be7 10. b4 Qd8 11. Re1 O-O 12. Bg3 a5 13. b5 a4 14. Bd3 Re8 15.
Bxf5 exf5 16. Qd3 Qa5 17. Ne5 Nxe5 18. Bxe5 Rac8 19. Rab1 c5 20. Ne2 cxd4 21.
Bxd4 Ne4 22. Ng3 Nxg3 23. hxg3 Bc5 24. c3 Rcd8 25. Qf3 Bxd4 26. cxd4 Qb6 27.
Red1 Rxd4 28. Rxd4 Qxd4 29. Rd1 Qb6 30. Qxf5 g6 31. Qd5 Re2 1/2-1/2

[Event "V Festival Magistrale"]
[Site "Salsomaggiore Terme ITA"]
[Date "2001.05.??"]
[Round "4"]
[White "Cazzaniga, Walter"]
[Black "Vezzosi, Paolo"]
[Result "0-1"]
[WhiteElo "2174"]
[BlackElo "2423"]
[PlyCount "49"]
[EventDate "2001.05.18"]

1. d4 Nf6 2. c4 e6 3. Nf3 b6 4. g3 Ba6 5. b3 d5 6. Bg2 Be7 7. O-O O-O 8. Ne5 c6
9. Bb2 Nfd7 10. Nd2 Nxe5 11. dxe5 Nd7 12. Qc2 Rc8 13. Rad1 b5 14. Rfe1 Bb4 15.
cxd5 cxd5 16. Qd3 Qa5 17. a3 Bxa3 18. Bxa3 Qxa3 19. Ra1 Qb4 20. Qe3 Nb8 21. Qd3
Rc3 22. Qb1 Rfc8 23. e4 d4 24. Bf1 Rc2 25. Nf3 0-1

[Event "V Festival Magistrale"]
[Site "Salsomaggiore Terme ITA"]
[Date "2001.05.??"]
[Round "4"]
[White "Di Lazzaro, Gabriele"]
[Black "Falbo, Sandro"]
[Result "1/2-1/2"]
[WhiteElo "1975"]
[BlackElo "2166"]
[PlyCount "35"]
[EventDate "2001.05.18"]

1. Nf3 Nf6 2. g3 g6 3. b3 Bg7 4. Bb2 O-O 5. Bg2 c5 6. c4 Nc6 7. O-O d5 8. cxd5
Nxd5 9. Bxg7 Kxg7 10. d4 cxd4 11. Nxd4 Nxd4 12. Qxd4+ Nf6 13. Qe5 Qb6 14. Nc3
Be6 15. Ne4 Rfd8 16. Nxf6 exf6 17. Qb2 Bd5 18. Bxd5 1/2-1/2

[Event "V Festival Magistrale"]
[Site "Salsomaggiore Terme ITA"]
[Date "2001.05.??"]
[Round "4"]
[White "Gagliardi, Christian"]
[Black "Tencati, Giuseppe"]
[Result "0-1"]
[WhiteElo "2106"]
[BlackElo "2071"]
[PlyCount "88"]
[EventDate "2001.05.18"]

1. e4 e6 2. d3 d5 3. Nd2 Nf6 4. Ngf3 c5 5. g3 Nc6 6. Bg2 Be7 7. O-O O-O 8. Re1
a5 9. e5 Nd7 10. Nf1 b5 11. h4 Qc7 12. Bf4 Ba6 13. h5 Rfc8 14. h6 g6 15. N1h2
Nd4 16. Ng5 b4 17. Ng4 a4 18. c4 Qc6 19. cxd5 exd5 20. Ne3 Nb6 21. Bh3 Re8 22.
Ng4 Bc8 23. Nf3 Nxf3+ 24. Qxf3 Be6 25. Bg2 Qb5 26. Nh2 b3 27. a3 Rec8 28. Rac1
c4 29. dxc4 Nxc4 30. Bf1 Qa5 31. Bxc4 Rxc4 32. Qe3 d4 33. Qd2 Qxd2 34. Bxd2 Rc2
35. Rxc2 bxc2 36. Bc1 Rd8 37. Nf1 Bh3 38. Nd2 Bg5 39. f4 Bxh6 40. Kf2 Bf8 41.
Ne4 Kg7 42. Ng5 Bf5 43. Nf3 Bc5 44. Ke2 Bb6 0-1

[Event "V Festival Magistrale"]
[Site "Salsomaggiore Terme ITA"]
[Date "2001.05.??"]
[Round "4"]
[White "Miatello, Alberto"]
[Black "Di Pancrazio, Luciano"]
[Result "0-1"]
[WhiteElo "1869"]
[BlackElo "1935"]
[PlyCount "46"]
[EventDate "2001.05.18"]

1. e4 e5 2. Nf3 Nc6 3. Be2 Nf6 4. d4 exd4 5. e5 Ng8 6. O-O Nge7 7. Bb5 Ng6 8.
Bxc6 bxc6 9. Qxd4 Bb7 10. Bg5 Be7 11. Bxe7 Qxe7 12. Re1 c5 13. Qc3 O-O 14. Nbd2
Rab8 15. Ne4 Bxe4 16. Rxe4 d5 17. Ree1 Rb6 18. Rab1 Rfb8 19. b3 h6 20. Rbd1 d4
21. Qd3 Qe6 22. c3 Nf4 23. Qe4 Nd5 0-1

[Event "V Festival Magistrale"]
[Site "Salsomaggiore Terme ITA"]
[Date "2001.05.??"]
[Round "4"]
[White "Mukic, Josko"]
[Black "Nelli, Luca"]
[Result "1-0"]
[WhiteElo "2268"]
[BlackElo "2184"]
[PlyCount "102"]
[EventDate "2001.05.18"]

1. d4 Nf6 2. Bg5 c5 3. d5 Ne4 4. Bf4 Qa5+ 5. c3 d6 6. f3 Nf6 7. e4 g6 8. Na3
Nbd7 9. Nc4 Qc7 10. a4 Bg7 11. Nh3 Nh5 12. Bg5 Nb6 13. Nf2 O-O 14. g4 Nf6 15.
Qd2 Bd7 16. b3 Nxc4 17. Bxc4 Rfb8 18. O-O b5 19. axb5 Bxb5 20. Bxb5 Rxb5 21.
Ra3 Qb6 22. Qa2 Qb7 23. Ra1 h6 24. Bd2 Nd7 25. Kg2 a5 26. Qc2 Rb8 27. Rb1 c4
28. b4 Nc5 29. Rd1 axb4 30. cxb4 c3 31. bxc5 Rb2 32. Qd3 Qb4 33. Rxc3 Rxd2 34.
Rxd2 Bxc3 35. Rc2 Be5 36. c6 Qe1 37. Qe2 Qxe2 38. Rxe2 Bd4 39. Rc2 Kf8 40. Nd3
Ke8 41. Rc4 Bb6 42. Rb4 Kd8 43. Nb2 Kc7 44. Nc4 Bc5 45. Rxb8 Kxb8 46. f4 Kc7
47. Kf3 Bd4 48. e5 Bc5 49. exd6+ exd6 50. Ke4 Bf2 51. h3 Be1 1-0

[Event "V Festival Magistrale"]
[Site "Salsomaggiore Terme ITA"]
[Date "2001.05.??"]
[Round "4"]
[White "Naumkin, Igor"]
[Black "Bertagnolli, Alexander"]
[Result "1/2-1/2"]
[WhiteElo "2446"]
[BlackElo "2274"]
[PlyCount "34"]
[EventDate "2001.05.18"]

1. d4 g6 2. c4 Bg7 3. e4 d6 4. Nc3 Nc6 5. Be3 e5 6. d5 Nce7 7. g4 f5 8. gxf5
gxf5 9. Qh5+ Ng6 10. exf5 Qh4 11. Qxh4 Nxh4 12. Nb5 Kd8 13. Nxa7 Bxf5 14. Nb5
Be4 15. f3 Bxf3 16. Nxf3 Nxf3+ 17. Ke2 e4 1/2-1/2

[Event "V Festival Magistrale"]
[Site "Salsomaggiore Terme ITA"]
[Date "2001.05.??"]
[Round "4"]
[White "Raineri, Valerio"]
[Black "Peric, Slavisa"]
[Result "1-0"]
[WhiteElo "2098"]
[BlackElo "2288"]
[PlyCount "54"]
[EventDate "2001.05.18"]

1. e4 e6 2. d3 d5 3. Qe2 Be7 4. f4 Nf6 5. Nf3 b6 6. e5 Nfd7 7. g3 c5 8. Bh3 g6
9. Be3 Nc6 10. Bf2 b5 11. O-O a5 12. Re1 Nb6 13. c3 b4 14. c4 a4 15. Nbd2 Na5
16. Rac1 dxc4 17. dxc4 b3 18. a3 Ba6 19. Bf1 Ra7 20. Qe3 Rd7 21. Qc3 Nc6 22.
Ne4 Nd4 23. Nxd4 cxd4 24. Qa5 Bb7 25. c5 Bxc5 26. Rxc5 Nd5 27. Qxd8+ Kxd8 1-0

[Event "V Festival Magistrale"]
[Site "Salsomaggiore Terme ITA"]
[Date "2001.05.??"]
[Round "4"]
[White "Scalcione, Michelangelo"]
[Black "Tommasini, Enzo"]
[Result "1-0"]
[WhiteElo "2177"]
[BlackElo "2082"]
[PlyCount "43"]
[EventDate "2001.05.18"]

1. Nf3 d5 2. d4 c6 3. c4 e6 4. Qc2 Bd6 5. g3 f5 6. Bg2 Nf6 7. O-O O-O 8. b3 Qe7
9. Bb2 Ne4 10. Nbd2 Nd7 11. Nxe4 fxe4 12. Nd2 Qg5 13. f3 Qe3+ 14. Kh1 exf3 15.
exf3 Nf6 16. f4 Ng4 17. Nf3 dxc4 18. bxc4 Bb4 19. Ng5 g6 20. Rad1 e5 21. c5 Ba5
22. Rd3 1-0

[Event "V Festival Magistrale"]
[Site "Salsomaggiore Terme ITA"]
[Date "2001.05.??"]
[Round "4"]
[White "Sciortino, Massimo"]
[Black "Giretti Kanev, Jasen"]
[Result "1-0"]
[WhiteElo "2155"]
[BlackElo "2190"]
[PlyCount "64"]
[EventDate "2001.05.18"]

1. e4 c5 2. Nf3 e6 3. d4 cxd4 4. Nxd4 a6 5. Bd3 Nc6 6. Nxc6 dxc6 7. O-O Bc5 8.
Nc3 e5 9. h3 Be6 10. Qf3 Qf6 11. Qg3 Rd8 12. Kh1 Ne7 13. f4 Qg6 14. Qf3 exf4
15. Bxf4 O-O 16. e5 Nf5 17. g4 Nd4 18. Qg3 f5 19. exf6 Qxf6 20. Bc7 Qe7 21.
Bxd8 Rxd8 22. Rae1 Bd6 23. Qg2 Qh4 24. Rxe6 Nxe6 25. Bc4 Re8 26. Qf3 Qe7 27.
Ne4 Kh8 28. Bxe6 Bb4 29. c3 Qxe6 30. cxb4 h5 31. Ng3 hxg4 32. Qd3 g6 1-0

[Event "V Festival Magistrale"]
[Site "Salsomaggiore Terme ITA"]
[Date "2001.05.??"]
[Round "5"]
[White "Anceschi, Vittorio"]
[Black "Mukic, Josko"]
[Result "0-1"]
[WhiteElo "2285"]
[BlackElo "2268"]
[PlyCount "63"]
[EventDate "2001.05.18"]

1. e4 d5 2. exd5 Qxd5 3. Nc3 Qa5 4. d4 c6 5. Nf3 Nf6 6. Be2 Bf5 7. O-O e6 8.
Bf4 Nbd7 9. a3 Qd8 10. Nh4 Bg6 11. Nxg6 hxg6 12. h3 Nb6 13. Qd2 Bd6 14. Rad1
Qc7 15. Bxd6 Qxd6 16. Qe3 Rd8 17. Ne4 Nxe4 18. Qxe4 Nd5 19. c4 Nf6 20. Qe3 O-O
21. Rd3 Rd7 22. Rfd1 Rfd8 23. Qe5 Qe7 24. b4 Ne8 25. Qc5 Nd6 26. Bf3 b6 27.
Qxc6 Rc7 28. Qa4 Rxc4 29. Re1 Rcc8 30. d5 e5 31. Rde3 e4 32. Be2 0-1

[Event "V Festival Magistrale"]
[Site "Salsomaggiore Terme ITA"]
[Date "2001.05.??"]
[Round "5"]
[White "Di Pancrazio, Luciano"]
[Black "Gagliardi, Christian"]
[Result "1/2-1/2"]
[WhiteElo "1935"]
[BlackElo "2106"]
[PlyCount "73"]
[EventDate "2001.05.18"]

1. e4 d6 2. d4 g6 3. Nc3 Bg7 4. Bc4 Nc6 5. Be3 Nf6 6. f3 O-O 7. Nge2 e5 8. d5
Ne7 9. Qd2 c6 10. O-O-O cxd5 11. Nxd5 Nexd5 12. Bxd5 Nxd5 13. Qxd5 Be6 14. Qxd6
Qa5 15. a3 Rfc8 16. Qb4 Qc7 17. Qd2 Bf8 18. Kb1 b5 19. Qc3 Qb8 20. Qa5 b4 21.
a4 b3 22. c3 Rc4 23. Nc1 Qe8 24. Qxe5 Bg7 25. Qb5 Rxa4 26. Qxe8+ Rxe8 27. Bd4
Bh6 28. Bc5 Rc8 29. Ba3 f5 30. Rd6 Kf7 31. Nd3 Re8 32. Nc5 Rc4 33. Nxb3 fxe4
34. Nd2 Bxd2 35. Rxd2 exf3 36. gxf3 Bf5+ 37. Kc1 1/2-1/2

[Event "V Festival Magistrale"]
[Site "Salsomaggiore Terme ITA"]
[Date "2001.05.??"]
[Round "5"]
[White "Facchetti, Gianni"]
[Black "Scalcione, Michelangelo"]
[Result "0-1"]
[WhiteElo "2157"]
[BlackElo "2177"]
[PlyCount "83"]
[EventDate "2001.05.18"]

1. e4 e5 2. Nf3 d6 3. Be2 Nf6 4. d3 Be7 5. Nbd2 O-O 6. Nf1 Nc6 7. c3 a5 8. a4
d5 9. Qc2 h6 10. Ng3 Be6 11. O-O Bc5 12. Bd2 Bb6 13. Rad1 d4 14. c4 Bc5 15. Nh4
Kh7 16. Nhf5 Ng8 17. Nh1 g6 18. Nfg3 h5 19. Rfe1 h4 20. Nf1 Bb4 21. Bf3 g5 22.
Ra1 Qf6 23. Qc1 Bxd2 24. Qxd2 Nge7 25. Be2 Ng6 26. g3 Rg8 27. f3 Rg7 28. Nf2
Rh8 29. g4 Nf4 30. h3 Nb4 31. b3 Bd7 32. Qd1 Ne6 33. Qd2 Nc5 34. Rab1 Kh6 35.
Kg2 Rg6 36. Rb2 Qb6 37. Qd1 Rhg8 38. Nd2 Rf6 39. Nb1 Nba6 40. Qc2 Rgg6 41. Na3
Qa7 42. Qd2 0-1